| 000 | 00377nam a2200157Ia 4500 | ||
|---|---|---|---|
| 008 | 221030s9999 xx 000 0 und d | ||
| 020 | _a8178817772 | ||
| 041 | _aEnglish | ||
| 082 | _a105.23 | ||
| 100 | _aK. Seetapathi | ||
| 245 | 4 | _aThe New World of Derivatives | |
| 260 |
_bICFAI University Press _aHyderabad _c2005 |
||
| 300 | _a161 | ||
| 650 | _aManagement | ||
| 942 | _cBK | ||
| 999 |
_c5494 _d5494 |
||